Modelos de evaluación y evaluación de programas /
Guardado en:
| Autor principal: | |
|---|---|
| Formato: | Libro |
| Lenguaje: | Spanish |
| Publicado: |
Santiago, Chile :
Centro de Investigación y Desarrollo de la Educación Universidad Católica de Valparaíso,
1990
|
| Materias: | |
| Etiquetas: |
Agregar Etiqueta
Sin Etiquetas, Sea el primero en etiquetar este registro!
|
MARC
| LEADER | 00000nam a2200000Ia 4500 | ||
|---|---|---|---|
| 008 | 170511b1990 cl ||||| |||| 00| | spa d | ||
| 999 | |c 1214 |d 1214 | ||
| 090 | |a 01.01.04 |b 1918 | ||
| 100 | 1 | |a Ahumada A., Pedro |9 2730 | |
| 245 | 1 | 0 | |a Modelos de evaluación y evaluación de programas / |c Pedro Ahumada A. ...[et al.] |
| 260 | |a Santiago, Chile : |b Centro de Investigación y Desarrollo de la Educación Universidad Católica de Valparaíso, |c 1990 | ||
| 300 | |a 79 páginas | ||
| 650 | 1 | 4 | |a EVALUACIÓN DE PROGRAMAS |9 969 |
| 650 | 1 | 4 | |a EVALUACIÓN DE LA EDUCACIÓN |9 308 |
| 942 | |i 002635 |h 01.01.04 1918 |2 z |c 01 | ||
